| 000 | 00415nam a22001337a 4500 | ||
|---|---|---|---|
| 020 | _a978-93-86313-75-1 | ||
| 082 |
_a823 _bDAM/G |
||
| 245 | _aGERONIMO STILTON: SPACE MICE-PIRATES SPACECAT ATTACK | ||
| 246 |
_aGERONIMO STILTON: SPACE MICE-PIRATES SPACECAT ATTACK _bGERONIMO STILTON: SPACE MICE-PIRATES SPACECAT ATTACK |
||
| 260 |
_aNEW YORK _bSCHOLASTICS |
||
| 300 | _a114 | ||
| 650 | _aENGLISH FICTION | ||
| 942 | _cBK | ||
| 999 |
_c8728 _d8728 |
||